Guess the Bollywood Movie from the Description - Statistics

General Stats
  • This quiz has been taken 4,365 times
  • The average score is 9 of 15
Answer Stats
Hint Answer % Correct
Charts the japes and scrapes of three students at India’s top engineering university 3 Idiots
84%
A small village's inhabitants, burdened by high taxes, find themselves in an extraordinary situation as an arrogant officer challenges them to a game of cricket as a wager to avoid the taxes Lagaan
84%
Naina is a pessimistic, uptight MBA student who lives in New York City with her widowed mother, brother, adopted sister, and grandmother Kal Ho Naa Ho
82%
Rahul and Anjali are best friends studying in the same college, but the tomboyish Anjali is threatened by the arrival of Tina Kuch Kuch Hota Hai
79%
Straight-laced Simran is all set for an arranged marriage, until she goes InterRailing in Europe and falls in love against the backdrop of Swiss mountains Dilwale Dulhania Le Jayenge
72%
Suicidal businessman Aditya bumps into feisty Geet, who’s on the run from her family. They go from being unlikely travel companions to friends to, eventually, lovers Jab We Met
72%
A man accidentally boards a train and falls in love with the daughter of a local don Chennai Express
70%
A coming-of-age story about an aspiring street rapper from the Dharavi slums of Mumbai Gully Boy
67%
A sheltered small-town girl decides to go on her honeymoon to Europe alone after she’s jilted at the altar Queen
62%
An Indian commando goes undercover in a college to foil a terrorist plot Main Hoon Na
55%
Five young men act in a documentary film on five revolutionary Indian freedom fighters. Inspired, they assassinate the Indian Defence Minister Rang de Basanti
55%
A boy and a girl from different castes fall in love, elope Dhadak
29%
Escaped convicts defend a village terrorized by bandits Sholay
29%
A girl and her friends stage a play to come out to her family Ek Ladki Ko Dekha Toh Aisa Laga
26%
The son of a politician loyal to the British rule romances the daughter of a freedom fighter. They are separated by the revolution when her father plots to assassinate a British general 1942: A Love Story
9%
No matching quizzes found
Score Distribution
Percent of People with Each Score
Percentile by Number Answered
Your Score History
You have not taken this quiz